Loading...
| History - European | 0 | 5 | 0 | 1 | 50 | 22 | 67.80 | 4 | 5 | 0.00 | 0.00 |
| Literature - European | 0 | 4 | 0 | 2 | 40 | 85 | 112.50 | 1 | 4 | 0.00 | 0.00 |
| Mythology | 0 | 5 | 2 | 0 | 40 | 46 | 76.40 | 3 | 5 | 0.00 | 0.00 |
| Science - Physics | 0 | 4 | 0 | 2 | 40 | 44 | 92.75 | 1 | 4 | 0.00 | 0.00 |
| Science - Chemistry | 0 | 4 | 1 | 2 | 35 | 53 | 97.50 | 2 | 4 | 0.00 | 0.00 |
| Other | 0 | 4 | 1 | 2 | 35 | 9 | 83.75 | 2 | 4 | 0.00 | 0.00 |
| Science - Biology | 0 | 3 | 0 | 2 | 30 | 92 | 109.67 | 0 | 3 | 0.00 | 0.00 |
| History - Other | 0 | 4 | 2 | 2 | 30 | 60 | 101.50 | 1 | 4 | 0.00 | 0.00 |
| Religion | 0 | 3 | 0 | 0 | 30 | 47 | 53.33 | 1 | 3 | 0.00 | 0.00 |
| Science - Other | 0 | 3 | 1 | 0 | 25 | 71 | 82.00 | 2 | 3 | 0.00 | 0.00 |
| Social Science | 0 | 2 | 0 | 0 | 20 | 74 | 83.00 | 1 | 2 | 0.00 | 0.00 |
| Literature - World | 0 | 2 | 0 | 0 | 20 | 49 | 73.00 | 1 | 2 | 0.00 | 0.00 |
| Philosophy | 0 | 2 | 1 | 0 | 15 | 51 | 68.50 | 1 | 2 | 0.00 | 0.00 |
| Literature - British | 0 | 1 | 0 | 0 | 10 | 97 | 97.00 | 0 | 1 | 0.00 | 0.00 |
| History - World | 0 | 1 | 0 | 0 | 10 | 86 | 86.00 | 1 | 1 | 0.00 | 0.00 |
| Fine Arts - Other | 0 | 1 | 0 | 0 | 10 | 99 | 99.00 | 1 | 1 | 0.00 | 0.00 |
| Fine Arts - Painting & Sculpture | 0 | 1 | 1 | 0 | 5 | 106 | 106.00 | 1 | 1 | 0.00 | 0.00 |
| Fine Arts - Classical Music | 0 | 0 | 1 | 0 | -5 | 0.00 | 0 | 0 | 0.00 | 0.00 |